| Поле | Название | Значение |
| |
Тип записи |
a |
| |
Библиографический уровень |
m |
| 001 |
Контрольный номер |
RU/SLIB/B/208725427 |
| 005 |
Дата корректировки |
20230306121057.1 |
| 010 |
Индекс ISBN |
__ |
| a |
ISBN |
5-85050-540-7 |
| d |
Цена |
80-00 |
| 101 |
Язык документа |
0_ |
| a |
Язык текста |
rus |
| c |
Язык оригинала |
eng |
| 200 |
Заглавие и сведения об ответственности |
0_ |
| a |
Заглавие |
Рептилия |
| f |
Первые сведения об ответственности |
К. Маккарти ; пер. с англ. В. Свечникова |
| b |
Общее обозначение материала |
Текст |
| 210 |
Выходные данные |
1_ |
| a |
Место издания |
М. |
| c |
Издательство |
Слово |
| d |
Дата издания |
1999 |
| 215 |
Физическое описание |
__ |
| a |
Объем |
64 с. |
| 225 |
Серия |
2_ |
| a |
Серия |
Очевидец: Обо всем на свете |
| 300 |
Общие примечания |
__ |
| a |
Общие примечания |
Указ.: с. 64 |
| 330 |
Аннотация |
__ |
| a |
Аннотация |
Загляните в этот мир рептилий, и вам откроются тайны этих загадочных существ. |
| 606 |
Тематические рубрики |
__ |
| a |
Основная рубрика |
Биология |
| 606 |
Тематические рубрики |
__ |
| a |
Основная рубрика |
Зоология в целом |
| 606 |
Тематические рубрики |
__ |
| a |
Основная рубрика |
Систематика позвоночных |
| 610 |
Ключевые слова |
0_ |
| a |
Ключевые слова |
животные; рептилии; змеи; ящерицы; черепахи; крокодилы; пресмыкающиеся; размножение рептилий; ядовитые животные |
| 686 |
Индексы других классификаций |
__ |
| a |
Классификационный индекс |
28.693.34; ст28.693.34 |
| 702 |
Вторичная интеллектуальная ответственность |
_1 |
| a |
Фамилия |
Маккарти |
| b |
Имя |
К. |
| 4 |
Код отношения |
Автор текста |
| 4 |
Код отношения |
070 |
| 702 |
Вторичная интеллектуальная ответственность |
_1 |
| a |
Фамилия |
Свечникова |
| b |
Имя |
В. |
| 4 |
Код отношения |
Переводчик |
| 4 |
Код отношения |
730 |
| 801 |
Источник записи |
_0 |
| a |
Страна |
RU |
| b |
Организация |
Муниципальное бюджетное учреждение культуры "Централизованная библиотечная система" г. Сургут (Центральная городская библиотека им. А. С. Пушкина) |
| g |
Правила каталогизации |
КиК/Белецкая |
| 801 |
Источник записи |
_1 |
| a |
Страна |
RU |
| b |
Организация |
Муниципальное бюджетное учреждение культуры "Централизованная библиотечная система" г. Сургут (Центральная городская библиотека им. А. С. Пушкина) |
| g |
Правила каталогизации |
КиК/Белецкая |
| 852 |
Данные о местонахождении |
__ |
| j |
Шифр хранения |
28.693.34 |
| i |
Авторский знак |
Р 41 |
| 901 |
Тип документа |
__ |
| t |
Тип документа |
m |
| 903 |
Характеристики (МАРС) |
__ |
| a |
Дата передачи |
20020710 |
| 990 |
Данные о заказе (DOS) |
__ |
| j |
Количество экземпляров (DOS) |
15 |
| t |
N записи в КСУ для И/У (DOS) |
200207 |